|
|
|
|
| LEADER |
01377nam a2200325 i 4500 |
| 001 |
32840 |
| 003 |
BD-DhAAL |
| 005 |
20211108125813.0 |
| 008 |
180320t2015 caua 000 0 eng |
| 999 |
|
|
|c 39126
|d 39126
|
| 010 |
|
|
|a 2014027048
|
| 020 |
|
|
|a 9781593276003
|
| 020 |
|
|
|a 1593276001
|
| 040 |
|
|
|a DLC
|b eng
|c DLC
|e rda
|d DLC
|d BD-DhAAL
|
| 042 |
|
|
|a pcc
|
| 050 |
0 |
0 |
|a TJ248
|b .I86 2015
|
| 082 |
0 |
0 |
|a 621.80228
|2 23
|
| 100 |
1 |
|
|a Isogawa, Yoshihito,
|d 1962-
|9 25179
|
| 245 |
1 |
4 |
|a The LEGO Mindstorms EV3 idea book :
|b 181 simple machines and clever contraptions /
|c Yoshihito Isogawa.
|
| 260 |
|
|
|a San Francisco, CA :
|b No Starch Press, Inc.,
|c c2015
|
| 300 |
|
|
|a viii, 223 pages :
|b color illustrations;
|c 26 cm
|
| 526 |
|
|
|a AAL
|
| 541 |
|
|
|a Karim International
|e 32840, 32841
|
| 650 |
|
0 |
|a Machinery
|x Models.
|9 25180
|
| 650 |
|
0 |
|a LEGO Mindstorms toys.
|9 25181
|
| 650 |
|
0 |
|a Computer science
|9 42426
|
| 852 |
|
|
|a Ayesha Abed Library
|c General Stacks
|
| 942 |
|
|
|2 ddc
|c BK
|
| 952 |
|
|
|0 0
|1 0
|2 ddc
|4 0
|6 621_802280000000000_ISO
|7 0
|9 62929
|a BRACUL
|b BRACUL
|c GEN
|d 2018-03-18
|e Karim International
|g 2495.00
|l 0
|o 621.80228 ISO
|p 3010032840
|r 2018-03-18
|t 1
|v 2495.00
|w 2018-03-18
|y BK
|
| 952 |
|
|
|0 0
|1 0
|2 ddc
|4 0
|6 621_802280000000000_ISO
|7 0
|9 62930
|a BRACUL
|b BRACUL
|c GEN
|d 2018-03-18
|e Karim International
|g 2495.00
|l 3
|m 39
|o 621.80228 ISO
|p 3010032841
|r 2025-12-23
|s 2025-10-27
|t 2
|v 2495.00
|w 2018-03-18
|y BK
|